Logo BPK

Biblioteka

Politechniki Koszalińskiej

Virgil's Aeneid / (Rekord nr 48704)

Szczegóły MARC
000 -ETYKIETA REKORDU
podpole kontrolne o stałej długości 00657nam a2200217 i 4500
001 - NUMER KONTROLNY REKORDU
pole kontrolne bgj
040 ## - ŹRÓDŁO KATALOGOWANIA
Instytucja, która utworzyła rekord BPK
041 0# - KOD JĘZYKA
Kod języka tekstu eng
Kod języka oryginału lat
008 - POLE O STAŁEJ DŁUGOŚCI - DANE KONTROLNE
podpole kontrolne o stałej długości s uk f |000 0 eng
100 1# - NAZWA OSOBOWA
Nazwa osobowa VIRGIL,
Daty związane z nazwą (70-19 B.C.)
245 10 - TYTUŁ/ODPOWIEDZIALNOŚĆ
Tytuł Virgil's Aeneid /
Pozostałe elementy strefy tytułu i oznaczenia odpowiedzialności Virgil ; translation by John Dryden.
260 ## - STREFA ADRESU WYDAWNICZEGO
Miejsce wydania New York :
Nazwa wydawcy/dystrybutora Airmont Publishing Company, Inc.,
Data publikacji, dystrybucji/powstania dokumentu c. 1968.
300 ## - STREFA OPISU FIZYCZNEGO
Objętość 352 pp ;
Rozmiary 19 cm.
490 1# - STREFA SERII I DOKUMENTU WIELOCZĘŚCIOWEGO - FORMA NIE DO WYSZUKIWANIA
Tytuł i oznaczenie odpowiedzialności serii Classic Series. Airmont Classic
650 #9 - HASŁO PRZEDMIOTOWE W FORMIE NAZWY OGÓLNEJ LUB JEDNOSTKOWEJ
Nazwa ogólna lub geograficzna Epic poetry, Latin
Określnik ogólny Translations into English
651 #9 - HASŁO PRZEDMIOTOWE W FORMIE NAZWY GEOGRAFICZNEJ
Nazwa geograficzna Rome
655 ## - TERMIN INDEKSOWY - OKREŚLENIE RODZAJU/FORMY DOKUMENTU
Określenie rodzaju/formy dokumentu Poetry
700 1# - HASŁO DODATKOWE - NAZWA OSOBOWA
Nazwa osobowa DRYDEN, John
Daty związane z nazwą (1631-1700).
Określenie związku między hasłem a opisywanym materiałem trans.
830 #0 - HASŁO DODATKOWE SERII LUB DOKUMENTU WIELOCZĘŚCIOWEGO - TYTUŁ UJEDNOLICONY
Tytuł ujednolicony Classic Series.
Nazwa części/sekcji dzieła Airmont Classic
942 ## - DODATKOWE ELEMENTY (KOHA)
Typ dokumentu Książka
Egzemplarze
Wycofany Status egzemplarza Uszkodzony Dostępność Lokalizacja stała Lokalizacja bieżąca Miejsce przechowywania Sygnatura Kod kreskowy Typ dokumentu
      Dostępny Biblioteka Politechniki Koszalińskiej Biblioteka Politechniki Koszalińskiej Wypożyczalnia Językowa KA 6014 09052079 Książka
© 2023 Biblioteka Politechniki Koszalińskiej :: KOHA